[Event "Chigorin Memorial 27th"]
[Site "St Petersburg"]
[Date "2019.10.12"]
[Round "8"]
[White "Chagina, Ulyana"]
[Black "Badalian, Tigran"]
[Result "1-0"]
[WhiteElo "1605"]
[BlackElo "1574"]
[PlyCount "57"]
[EventDate "2019.10.05"]
[EventType "swiss"]
[EventRounds "9"]
[EventCountry "RUS"]
[SourceTitle "EXT 2021"]
[Source "ChessBase"]
[SourceDate "2020.10.23"]
[SourceVersion "1"]
[SourceVersionDate "2020.10.23"]
[SourceQuality "1"]

1. d4 d5 2. c4 e6 3. Nf3 Nf6 4. g3 dxc4 5. Bg2 Bb4+ 6. Nc3 Nd5 7. Bd2 Nc6 8. 0-0 0-0 9. a3 Be7 10. e4 Nb6 11. Bf4 Bf6 12. Nb5 Bd7 13. Bxc7 Qc8 14. Bxb6 axb6 15. Nd6 Qc7 16. e5 Na5 17. exf6 Qxd6 18. fxg7 Rfd8 19. Ng5 f6 20. Qh5 fxg5 21. Be4 Kxg7 22. Qxh7+ Kf8 23. Qh6+ Kf7 24. Bg6+ Kf6 25. Bh7+ Kf7 26. Qg6+ Kf8 27. Qg8+ Ke7 28. Qg7+ Ke8 29. Bg6# 1-0

[Event "Chigorin Memorial 27th"]
[Site "St Petersburg"]
[Date "2019.10.10"]
[Round "6"]
[White "Chagina, Ulyana"]
[Black "Aga, Rihard"]
[Result "0-1"]
[WhiteElo "1605"]
[BlackElo "1960"]
[PlyCount "76"]
[EventDate "2019.10.05"]
[EventType "swiss"]
[EventRounds "9"]
[EventCountry "RUS"]
[SourceTitle "EXT 2020"]
[Source "ChessBase"]
[SourceDate "2019.10.17"]
[SourceVersion "1"]
[SourceVersionDate "2019.10.17"]
[SourceQuality "1"]

1. d4 Nf6 2. Nf3 g6 3. Nc3 d5 4. Bf4 Bg7 5. Nb5 Na6 6. e3 Nh5 7. Be5 f6 8. Bg3 c6 9. Nc3 Nxg3 10. hxg3 e5 11. Bxa6 bxa6 12. Na4 Bg4 13. Qd2 Bxf3 14. gxf3 0-0 15. Nc5 Re8 16. Kf1 Bf8 17. Kg2 Bxc5 18. dxc5 Qe7 19. Qc3 Reb8 20. a4 Rd8 21. Rh4 Kg7 22. Rah1 Rh8 23. Rh6 Rab8 24. b3 Qe6 25. Qa5 Qc8 26. g4 Qb7 27. f4 exf4 28. exf4 Qe7 29. g5 d4 30. Re1 Qd7 31. Kg3 fxg5 32. fxg5 Rbe8 33. f4 Rxe1 34. Qxe1 Re8 35. Qd2 Qd5 36. b4 Re3+ 37. Kh2 Qe4 38. Kg1 Re2 0-1

[Event "Chigorin Memorial 26th"]
[Site "St Petersburg"]
[Date "2018.10.29"]
[Round "3"]
[White "Chagina, Ulyana"]
[Black "Ter Saakian, Grigorii"]
[Result "0-1"]
[WhiteElo "1727"]
[BlackElo "1982"]
[PlyCount "92"]
[EventDate "2018.10.27"]
[EventType "swiss"]
[EventRounds "9"]
[EventCountry "RUS"]
[SourceTitle "CBM 187 Extra"]
[Source "ChessBase"]
[SourceDate "2018.11.04"]
[SourceVersion "1"]
[SourceVersionDate "2018.11.04"]
[SourceQuality "1"]

1. d4 Nf6 2. Nf3 g6 3. Nc3 d5 4. Bf4 a6 5. a4 Bg7 6. e3 0-0 7. Bd3 b6 8. Ne5 Bb7 9. h4 Nbd7 10. h5 Re8 11. Qf3 Nf8 12. hxg6 fxg6 13. g4 e6 14. 0-0-0 N6d7 15. Qg3 c5 16. Nxd7 Qxd7 17. Be5 Bxe5 18. Qxe5 c4 19. Bf1 b5 20. Bg2 b4 21. Ne2 Rac8 22. e4 Qxa4 23. Kd2 c3+ 24. bxc3 bxc3+ 25. Nxc3 Qb4 26. Rh3 Nd7 27. Qh2 Qxd4+ 28. Ke1 Qg7 29. Rdd3 Ne5 30. Rde3 d4 31. Reg3 dxc3 32. Rxc3 Nd7 33. Rc7 Rxc7 34. Qxc7 Ne5 35. Qb6 Nc4 36. Qb3 Nd6 37. Re3 Kh8 38. e5 Bxg2 39. exd6 Qa1+ 40. Ke2 Qf1+ 41. Kd2 Qxf2+ 42. Kc1 Qf1+ 43. Kb2 Qb5 44. Qxb5 axb5 45. d7 Rd8 46. Rxe6 Rxd7 0-1

[Event "Chigorin Memorial 25th"]
[Site "St Petersburg"]
[Date "2017.10.26"]
[Round "6"]
[White "Mustafazade, Fikrat"]
[Black "Chagina, Ulyana"]
[Result "0-1"]
[WhiteElo "1466"]
[BlackElo "1571"]
[PlyCount "106"]
[EventDate "2017.10.21"]
[EventType "swiss"]
[EventRounds "9"]
[EventCountry "RUS"]
[SourceTitle "CBM 181 Extra"]
[Source "ChessBase"]
[SourceDate "2017.12.12"]
[SourceVersion "1"]
[SourceVersionDate "2017.12.12"]
[SourceQuality "1"]

1. d4 d5 2. c4 c6 3. e3 Nf6 4. Bd3 e5 5. Nc3 e4 6. Be2 Bd6 7. cxd5 cxd5 8. Bb5+ Bd7 9. Qb3 Bxb5 10. Qxb5+ Qd7 11. Bd2 0-0 12. Qxd7 Nbxd7 13. Nge2 a6 14. 0-0 Nb6 15. b3 Rfc8 16. a4 Rc7 17. a5 Nc8 18. Na4 Rc2 19. Rfd1 Ne7 20. Nb6 Rd8 21. Nc3 Bc7 22. Rac1 Rxc1 23. Rxc1 Bxb6 24. axb6 Rc8 25. Na4 Rxc1+ 26. Bxc1 Nd7 27. Ba3 Kf8 28. Bd6 Ke8 29. Bc7 Nc6 30. Nc3 Nf6 31. Na4 Kd7 32. Nc5+ Kc8 33. Na4 Ne8 34. Bf4 Na5 35. Nc5 Nf6 36. b4 Nc6 37. Kf1 Nxb4 38. Ke2 Nd7 39. Na4 Nd3 40. Bd6 Nf6 41. Bf8 g6 42. Nc3 Kd7 43. Bg7 Ne8 44. Bh8 Kc6 45. f3 f5 46. fxe4 fxe4 47. g3 Nb4 48. Kd2 Kxb6 49. Kc1 Kc6 50. Kb2 b5 51. Kb3 Nd3 52. Na2 a5 53. Nc3 Nf2 0-1